Narrative and critical history of América / (Record no. 160497)

MARC details
000 -LEADER
campo de control de longitud fija 01506nam a2200241 i 4500
001 - NÚMERO DE CONTROL
campo de control 160497
003 - IDENTIFICADOR DE NÚMERO DE CONTROL
campo de control ES-MaACL
005 - FECHA Y HORA DE LA ÚLTIMA TRANSACCIÓN
campo de control 20250831014817.0
008 - DATOS DE LONGITUD FIJA--INFORMACIÓN GENERAL
campo de control de longitud fija 981112s1889 xxka |||| | eng d
040 ## - FUENTE DE CATALOGACIÓN
Centro catalogador/agencia de origen CCPB | B
Lengua de catalogación spa
Centro/agencia transcriptor CCPB | B
245 00 - MENCIÓN DEL TÍTULO
Título Narrative and critical history of América /
Mención de responsabilidad, etc. edited by Justin Winsor.
260 ## - PUBLICACIÓN, DISTRIBUCIÓN, ETC.
Lugar de publicación, distribución, etc. London :
Nombre del editor, distribuidor, etc. Sampson Low, Marston, Searle & Rivington,
Fecha de publicación, distribución, etc. 1889 (
Fabricante Printed by H.O. Houghton and Company)
300 ## - DESCRIPCIÓN FÍSICA
Extensión 8 v. (XXXVII, 470 p.;VII, 777 p.;VII, 649 p.; IX, 515 p.; XI, 578 p.; XI, IX, 640 p; VII, 610 p.; VIII 604 p.) :
Otras características físicas il. ;
Dimensiones 27 cm.
505 8# - NOTA DE CONTENIDO CON FORMATO
Nota de contenido con formato Contiene: T.I. Aboriginal America. -- T.II. Spanish Explorations and Settlements in America from the Fifteen to the Seventeenth Century. -- T.III. English Explorations and Settlements in North America 1497-1689. -- T.IV. French Explorations and Settlements en North America and those ot the Portuguese, Dutch, and Swedes, 1500-1700. -- T.V. The English and French in North America, 1689-1763. -- T.VI. The United States of America, part. I. -- T.VII. The United States of America, part. II. -- T. VIII. The later history of British, Spanish, and Portuguese America.
599 ## - NOTA A LAS ILUSTRACIONES
NOTA A LAS ILUSTRACIONES Las il. xil.
650 #4 - PUNTO DE ACCESO ADICIONAL DE MATERIA--TÉRMINO DE MATERIA
Término de materia o nombre geográfico como elemento de entrada Cartografía-
Subdivisión geográfica América.
9 (RLIN) 159391
651 #4 - PUNTO DE ACCESO ADICIONAL DE MATERIA--NOMBRE GEOGRÁFICO
Nombre geográfico América-
Subdivisión general Historia.
9 (RLIN) 7703
651 #4 - PUNTO DE ACCESO ADICIONAL DE MATERIA--NOMBRE GEOGRÁFICO
Nombre geográfico América-
Subdivisión de forma Bibliografías.
9 (RLIN) 149767
651 #4 - PUNTO DE ACCESO ADICIONAL DE MATERIA--NOMBRE GEOGRÁFICO
Nombre geográfico Estados Unidos-
Subdivisión general Historia
9 (RLIN) 8540
700 1# - ENTRADA AGREGADA--NOMBRE PERSONAL
Nombre de persona Winsor, Justin.
9 (RLIN) 133944
852 ## - LOCALIZACIÓN
Ubicación ES-MaACL
Número de control de estantería G-7321-28
Nota libre -- Enc. tela
Holdings
Estatus retirado Estado de pérdida Estado de daño No para préstamo Colección Biblioteca de origen Biblioteca actual Ubicación en estantería Fecha de adquisición Total de préstamos Signatura topográfica completa Código de barras Visto por última vez Precio de reemplazo Tipo de ítem Koha
        Libros del s. XIX Biblioteca del Ateneo de Madrid Biblioteca del Ateneo de Madrid Depósito 2 17/01/2008   G-7321-28 1168052 23/02/2023 23/02/2023 Libro impreso antiguo